000 00790nam a2200241Ia 4500
003 OSt
005 20220926014939.0
006 a|||||r|||| 00| 0
007 ta
008 220923b |||||||| |||| 00| 0 eng d
037 _cGeneral Book
040 _aRTL
_cRTL
_beng
041 _2eng
_aeng
082 _aX:8:(D6,9(B), K8
100 _aSollenberger Harold M.
_9256082
245 0 _aMajor changes caused by the implementation of a ma
260 _aNew York
_bNational Association of Accountants U. S. A.
_c1968
300 _axi, 115p. Bibliography p.109-13
_ccm.
490 _aNational Association of Accountants, Research monograph. 4.
650 _aManagement
_930681
942 _hX:8:(D6,9(B), K8
_cGB
_2CC
999 _c630210
_d630210